[Event "R6R3 Cahors 2 / Albi 2"]
[Site "Cahors"]
[Date "2002.12.08"]
[Round "3.4"]
[White "EB-LEVADOUX, Yvan"]
[Black "BILY, Denis"]
[Result "1-0"]
[WhiteElo "1199"]
[BlackElo "1260"]
[PlyCount "73"]

1.e4 e6 2.d4 d5 3.e5 c5 4.c3 cxd4 5.cxd4 Bb4+ 6.Bd2 Qa5 7.a3 Bxd2+ 8.Nxd2 
Ne7 9.Nf3 Bd7 10.Bd3 O-O 11.O-O Nbc6 12.g4 Ng6 13.Nb3 Qc7 14.h4 Qd8 15.
Bxg6 fxg6 16.Kg2 a5 17.Kg3 a4 18.Nc5 Na5 19.Rb1 Bb5 20.Nxe6 Rxf3+ 21.Qxf3 
Qe7 22.Qxd5 Bc6 23.Qa2 Kh8 24.b4 Be4 25.Rbc1 Qf7 26.f3 Bd3 27.Rf2 Nb3 28.
Rc3 Qxe6 29.Rxd3 h5 30.Re2 hxg4 31.fxg4 Qd5 32.Ree3 Nc1 33.Qxd5 Nxd3 34.
Rxd3 Rc8 35.Qxb7 Rc1 36.e6 Rg1+ 37.Qg2 1-0

[Event "R5"]
[Site "?"]
[Date "2002.12.08"]
[Round "3"]
[White "OLLE, Jean-Pierre"]
[Black "HANTISSE, Alain"]
[Result "0-1"]
[WhiteElo "1850"]
[BlackElo "1860"]
[EventDate "2002.??.??"]
[Annotator "Blayes-Colomiers"]
[PlyCount "96"]

1.e4 c6 2.d4 d5 3.Nc3 dxe4 4.Nxe4 Nd7 5.Nf3 Ngf6 6.Bd3 Nxe4 7.Bxe4 Nf6 8.
Bd3 Bg4 9.c3 Qd5 10.Be3 Bxf3 11.Qxf3 Qxf3 12.gxf3 e6 13.Ke2 Bd6 14.Rad1 
Nd5 15.Be4 f5 16.Bxd5 exd5 17.Rdg1 Kf7 18.f4 Rhe8 19.Kf3 Re4 20.Re1 Rae8 
21.Bd2 Rxe1 22.Rxe1 Rxe1 23.Bxe1 Kg6 24.Bd2 Kh5 25.Be3 b5 26.b4 Kh4 27.Kg2
Kg4 28.h3+ Kh4 29.f3 Kh5 30.Bd2 h6 31.Be3 Be7 32.Kg3 Bh4+ 33.Kg2 Be1 34.a3
Bxc3 35.Kf2 a5 36.bxa5 Bxa5 37.Kf1 Bc3 38.Bf2 Bb2 39.Ke2 Bxa3 40.Bg3 Bd6 
41.Kd3 g5 42.Kc2 Kg6 43.Kb3 h5 44.Bh2 Kf7 45.Bg3 g4 46.fxg4 fxg4 47.hxg4 
hxg4 48.Kc3 Kf6 0-1

[Event "R6R3  Ste Foy 2 / Muret 4"]
[Site "Ste Foy"]
[Date "2002.12.08"]
[Round "3.2"]
[White "ROUQUET, Remi"]
[Black "SCHNEIDER, Francois"]
[Result "1-0"]
[WhiteElo "1230"]
[BlackElo "1199"]
[PlyCount "83"]

1.e4 e5 2.Nf3 Nc6 3.Bc4 d6 4.O-O Nf6 5.Nc3 Be6 6.Bxe6 fxe6 7.d3 d5 8.Ng5 
Qd7 9.f4 Bc5+ 10.Kh1 d4 11.Nb5 Rc8 12.c3 h6 13.Nf3 exf4 14.Bxf4 Bb6 15.Qd2
a6 16.Na3 Ba5 17.e5 Ng4 18.h3 g6 19.Bg3 Ne3 20.Rfe1 Nd5 21.b4 dxc3 22.Qc2 
Bxb4 23.Nb1 Rf8 24.Re4 b6 25.a3 a5 26.axb4 Ncxb4 27.Qb3 Qb5 28.Rd4 c5 29.
Rc4 Ne3 30.Nxc3 Qc6 31.Re4 Ned5 32.d4 Nd3 33.Nb5 c4 34.Nd6+ Kd7 35.Nxc4 b5
36.Nd6 a4 37.Qxd3 Nc3 38.Nxc8 Nxe4 39.Na7 Ke7 40.Nxc6+ Kd7 41.Qxe4 Rd8 42.
Nxd8 1-0

[Event "R6R3 Cahors 2 / Albi 2"]
[Site "Cahors"]
[Date "2002.12.08"]
[Round "3.3"]
[White "ALACHKINE, Serge"]
[Black "SERRES, Olivier"]
[Result "0-1"]
[WhiteElo "1330"]
[BlackElo "1330"]
[PlyCount "94"]

1.d4 d5 2.c4 c6 3.Nc3 Bf5 4.Nf3 Nf6 5.e3 e6 6.cxd5 cxd5 7.Bb5+ Nc6 8.Ne5 
Rc8 9.Qa4 Qb6 10.O-O Bd6 11.Qb3 O-O 12.a3 Nxe5 13.dxe5 Bxe5 14.Na4 Qa5 15.
f4 Bd6 16.Nc3 Qb6 17.Bd2 a6 18.Ba4 Qc5 19.Rac1 Qa7 20.Qd1 Ng4 21.Qf3 Be7 
22.h3 Nf6 23.Ne2 Ne4 24.Be1 Bc5 25.Kh1 Bxe3 26.Rxc8 Rxc8 27.g4 Nd2 28.Bxd2
Be4 29.Bxe3 Bxf3+ 30.Rxf3 Qa8 31.Kg2 b5 32.Bb3 h6 33.f5 exf5 34.gxf5 Re8 
35.Nd4 Qb7 36.Rg3 Kh8 37.f6 gxf6 38.Bxh6 Qb6 39.Bg7+ Kg8 40.Bxf6+ Kf8 41.
Bg7+ Ke7 42.Bxd5 f6 43.Nc6+ Kd6 44.Rd3 Re2+ 45.Kg3 Re3+ 46.Rxe3 Qxe3+ 47.
Bf3 Qg5+ 0-1

[Event "R6R3 Rodez 2 / L'union"]
[Site "Rodez"]
[Date "2002.12.08"]
[Round "3.4"]
[White "Schawlb, Boris"]
[Black "Gond, Christophe"]
[Result "0-1"]
[WhiteElo "1399"]
[BlackElo "1299"]
[EventDate "2002.??.??"]
[PlyCount "76"]

1.e4 e5 2.d3 Nf6 3.f4 d6 4.Nf3 Nc6 5.Nc3 Bg4 6.Be2 Be7 7.h3 Bxf3 8.Bxf3 
Nd4 9.b3 c6 10.Qd2 exf4 11.Qxf4 Nxc2+ 12.Kd1 Nxa1 13.Rf1 Qa5 14.Na4 Qb5 
15.Nb2 Nxb3 16.axb3 Qxb3+ 17.Ke1 Qc3+ 18.Kd1 Qe5 19.Qh4 Nd7 20.Nc4 Bxh4 
21.Nxe5 Nxe5 22.Be2 O-O 23.d4 Nd7 24.Rf4 Bg5 25.Rg4 Bxc1 26.Kxc1 Rfe8 27.
h4 Nf6 28.Rf4 Rxe4 29.Rf5 Rxe2 30.h5 h6 31.g3 Rae8 32.Rf1 Re1+ 33.Rxe1 
Rxe1+ 34.Kd2 Rg1 35.Kc3 Rxg3+ 36.Kc4 b5+ 37.Kb4 Nd5+ 38.Ka5 Ra3# 0-1

[Event "R6R3  Ste Foy 2 / Muret 4"]
[Site "Ste Foy"]
[Date "2002.12.10"]
[Round "3.4"]
[White "SACAREAU, Christopher"]
[Black "CRAPART, Bertrand"]
[Result "1/2-1/2"]
[WhiteElo "1099"]
[BlackElo "1009"]
[PlyCount "77"]

1.e4 e5 2.Nf3 Nc6 3.Bb5 Nf6 4.Nc3 d6 5.d3 Bg4 6.O-O Be7 7.Bg5 O-O 8.Bxf6 
gxf6 9.h3 Bxf3 10.Qxf3 a6 11.Bc4 b5 12.Bd5 b4 13.Bxc6 Rb8 14.Na4 d5 15.
exd5 Qc8 16.c3 f5 17.cxb4 e4 18.Qh5 Bf6 19.dxe4 fxe4 20.Qh6 Bg7 21.Qf4 
Rxb4 22.Nc5 Bxb2 23.Rab1 Qb8 24.Nxa6 Rb6 25.Nxb8 Rbxb8 26.Qxc7 Rbc8 27.Qd7
Rfd8 28.Qf5 Rf8 29.Rxb2 Rcd8 30.Rb7 Rb8 31.Ra7 Rb6 32.Qd7 Rb2 33.d6 Rxa2 
34.Rxa2 e3 35.Bd5 exf2+ 36.Rfxf2 h6 37.Bxf7+ Rxf7 38.Qxf7+ Kh8 39.Ra8# 
1/2-1/2

[Event "Coupe de la Federation"]
[Site "Tournefeuille"]
[Date "2002.12.15"]
[Round "1"]
[White "EGEA Claude"]
[Black "CHEVAUCHE Alain"]
[Result "1-0"]
[WhiteElo "1630"]
[BlackElo "1700"]
[PlyCount "81"]

1.d4 Nf6 2.Nc3 d5 3.e4 Nxe4 4.Nxe4 dxe4 5.f3 e5 6.Be3 Bb4+ 7.c3 Bd6 8.dxe5
Bxe5 9.Qxd8+ Kxd8 10.O-O-O+ Bd7 11.Bc4 exf3 12.Nxf3 f6 13.g4 Bd6 14.g5 Bc6
15.Rhf1 Nd7 16.gxf6 Nxf6 17.Ne5 Ke7 18.Nf7 Rhf8 19.Nxd6 cxd6 20.Bf4 Rad8 
21.Rg1 g6 22.Rge1+ Be4 23.Bg5 Kd7 24.Rd4 Bc6 25.Re6 Rde8 26.Rdxd6+ Kc7 27.
Rxf6 Re1+ 28.Kd2 Rfe8 29.Rfe6 R8xe6 30.Rxe6 Rxe6 31.Bxe6 Kd6 32.Bg8 h5 33.
Bf7 Be4 34.Bf6 Kc5 35.Ke3 Bf5 36.h4 a5 37.a3 b5 38.b4+ axb4 39.axb4+ Kc6 
40.Kd4 Kd6 41.Be8 1-0

[Event "Coupe Fede 2003"]
[Site "?"]
[Date "2002.12.15"]
[Round "3"]
[White "Gosselin, Titouan"]
[Black "Gossieaux, Benoit"]
[Result "0-1"]
[WhiteElo "1099"]
[BlackElo "1230"]
[EventDate "2002.12.15"]
[PlyCount "70"]
[SourceDate "2002.12.15"]

1.e4 e6 2.d4 d5 3.Nc3 Nf6 4.Bg5 Be7 5.Nf3 h6 6.Bf4 Bb4 7.Bd2 c5 8.Na4 Nxe4
9.Bxb4 cxb4 10.Qc1 Qa5 11.b3 Bd7 12.a3 Bxa4 13.axb4 Qxb4+ 14.Nd2 Bc6 15.
Ra4 Bxa4 16.bxa4 Qxd4 17.Nxe4 Qxe4+ 18.Qe3 Qxe3+ 19.fxe3 Nc6 20.Bb5 Ke7 
21.O-O a6 22.Be2 f5 23.c4 Rad8 24.Rd1 dxc4 25.Bxc4 Rxd1+ 26.Bf1 Ne5 27.h3 
Rf8 28.Kh2 Rxf1 29.a5 f4 30.g3 fxe3 31.g4 R8f7 32.Kg3 g5 33.h4 gxh4+ 34.
Kxh4 Rg1 35.Kh5 Rh1# 0-1

[Event "Coupe Fede 2003"]
[Site "?"]
[Date "2002.12.15"]
[Round "3"]
[White "Langlois, Jerome"]
[Black "Durand, Stephane"]
[Result "1-0"]
[WhiteElo "1620"]
[BlackElo "1450"]
[EventDate "2002.12.15"]
[PlyCount "70"]
[SourceDate "2002.12.15"]

1.d4 d5 2.Nf3 Nc6 3.Bf4 Bf5 4.e3 Nb4 5.Bd3 Bxd3 6.cxd3 e6 7.O-O Qd7 8.Qb3 
a5 9.Nbd2 f6 10.Rfc1 c6 11.a3 a4 12.Qc3 Na6 13.b3 g5 14.Bg3 h5 15.h4 g4 
16.Nh2 Nh6 17.e4 Rg8 18.Nhf1 Be7 19.Ne3 Qd8 20.Re1 Kf7 21.Bf4 Rg6 22.g3 
Nc7 23.Ng2 Nb5 24.Qc1 Nxd4 25.Be3 Nf3+ 26.Nxf3 gxf3 27.Nf4 Rg7 28.Nxh5 Ng4
29.Nxg7 Kxg7 30.Bc5 Bd6 31.Bxd6 Qxd6 32.exd5 cxd5 33.b4 Rh8 34.Qc5 Qb8 35.
Rac1 Qg8 1-0

[Event "Coupe de la Federation"]
[Site "Tournefeuille"]
[Date "2002.12.15"]
[Round "2"]
[White "Lezaud, Pascal"]
[Black "Faure, Stéphane"]
[Result "0-1"]
[WhiteElo "1350"]
[BlackElo "1410"]
[EventDate "2002.??.??"]
[PlyCount "60"]

1.e4 c5 2.Nf3 Nc6 3.d4 cxd4 4.Nxd4 Nf6 5.Nc3 e6 6.Be2 a6 7.O-O Bc5 8.Nb3 
Ba7 9.Bg5 h6 10.Bh4 b5 11.a3 Bb7 12.Nd2 Rc8 13.Kh1 Nd4 14.Bd3 Bb8 15.Nf3 
Qc7 16.Bg3 Qb6 17.Nxd4 Qxd4 18.Bxb8 Rxb8 19.Qe2 Qe5 20.Rad1 g5 21.f3 h5 
22.Qf2 Ke7 23.Rde1 Rh6 24.Nd5+ Nxd5 25.exd5 Qxd5 26.Qg3 Rg8 27.Re5 h4 28.
Rxd5 hxg3 29.Rd4 Rxh2+ 30.Kg1 Rgh8 0-1

[Event "Coupe de la Federation"]
[Site "Tournefeuille"]
[Date "2002.12.15"]
[Round "2"]
[White "Cwiek, Perrine"]
[Black "Partinico, Jérémy"]
[Result "1/2-1/2"]
[WhiteElo "1560"]
[BlackElo "1470"]
[EventDate "2002.??.??"]
[PlyCount "126"]

1.e4 c5 2.Nf3 e6 3.d4 cxd4 4.Nxd4 Nf6 5.Nc3 Nc6 6.Be3 Bb4 7.f3 Bxc3+ 8.
bxc3 e5 9.Nxc6 bxc6 10.Qd6 Qe7 11.Bc5 Ng8 12.Bc4 Qxd6 13.Bxd6 f6 14.Rb1 
Nh6 15.O-O Nf7 16.Bc7 g5 17.Rb2 Ke7 18.Rfb1 h5 19.Rb8 Rxb8 20.Rxb8 a6 21.
Ra8 Bb7 22.Ra7 Bc8 23.Bxa6 Bxa6 24.Rxa6 Nd6 25.a4 Rc8 26.Bb6 Nc4 27.Bf2 
Rb8 28.Bc5+ d6 29.Ba7 Rb1+ 30.Kf2 Kd7 31.Ke2 Kc7 32.Bf2 c5 33.Ra7+ Rb7 34.
Rxb7+ Kxb7 35.Kd3 Nb2+ 36.Kd2 Nxa4 37.h4 Nb6 38.g4 hxg4 39.fxg4 Kc7 40.Kd3
gxh4 41.Bxh4 Nd7 42.g5 fxg5 43.Bxg5 Kc6 44.c4 Nb6 45.Be7 Kd7 46.Bg5 Ke8 
47.Bh4 Kf7 48.Kc3 Kg6 49.Be7 Nc8 50.Bh4 Kh5 51.Bf6 Kg4 52.Kd3 Kf3 53.Bg5 
Nb6 54.Be7 Nc8 55.Bg5 Kg4 56.Bf6 Kh5 57.Kc3 Kg6 58.Bh4 Kf7 59.Kd3 Ke8 60.
Bg5 Kd7 61.Bh4 Kc6 62.Bg5 Kb6 63.Bh4 Ka5 1/2-1/2

[Event "Coupe de la Federation"]
[Site "Tournefeuille"]
[Date "2002.12.15"]
[Round "3"]
[White "SPANOUDAKIS Serge"]
[Black "BERTHALON Jeremy"]
[Result "1-0"]
[WhiteElo "1440"]
[BlackElo "1130"]
[PlyCount "35"]

1.e4 e5 2.Nf3 d6 3.d4 Nc6 4.Bb5 Bd7 5.Nc3 Nce7 6.Bxd7+ Qxd7 7.dxe5 Rd8 8.
exd6 Qxd6 9.Qxd6 Rxd6 10.O-O a6 11.Bf4 Rc6 12.Rad1 Rg6 13.Rd2 Nf6 14.Rfd1 
Neg8 15.e5 Nh5 16.Rd8+ Ke7 17.R1d7+ Ke6 18.Nd4# 1-0

[Event "Coupe de la Federation"]
[Site "Tournefeuille"]
[Date "2002.12.15"]
[Round "3"]
[White "VOLCKRINGER Emmanuel"]
[Black "CWIEK Perrine"]
[Result "0-1"]
[WhiteElo "1499"]
[BlackElo "1560"]
[PlyCount "119"]

1.e4 e5 2.Bc4 Nf6 3.d3 Nc6 4.a3 Bc5 5.Ne2 O-O 6.O-O d6 7.Nbc3 h6 8.Na4 Bb6
9.Nxb6 axb6 10.f4 Bg4 11.Qe1 Re8 12.f5 d5 13.exd5 Nxd5 14.Ng3 Nd4 15.Qe4 
Nf6 16.Qxb7 Nxc2 17.Rb1 Qd6 18.Ne4 Nxe4 19.Qxe4 Qd4+ 20.Kh1 Rad8 21.Qxd4 
Nxd4 22.f6 b5 23.Ba2 Be2 24.Rf2 Bxd3 25.fxg7 Nf5 26.Ra1 Kxg7 27.Bd2 Rf8 
28.Bc3 Rde8 29.Re1 f6 30.Rf3 Bc2 31.Bb1 Bxb1 32.Rxb1 Nd4 33.Re3 Rd8 34.Bb4
Rfe8 35.Rc1 Rd7 36.Kg1 Red8 37.Kf2 Kg6 38.Ba5 Rc8 39.Rcc3 c5 40.b3 Ra7 41.
b4 c4 42.Bb6 Ra6 43.Bc5 Ne6 44.Rg3+ Kf7 45.Rh3 Rh8 46.Be3 h5 47.Rf3 Rd6 
48.g3 Rd3 49.Rxd3 cxd3 50.Bd2 e4 51.Rf5 Nd4 52.Rd5 Nf3 53.Ke3 h4 54.Rxb5 
hxg3 55.hxg3 Nxd2 56.Kxd2 Rh2+ 57.Kd1 e3 58.Rb7+ Kg6 59.Kc1 d2+ 60.Kd1 0-1

[Event "Coupe Fede 2003"]
[Site "?"]
[Date "2002.12.15"]
[Round "3"]
[White "Aznar, Georges"]
[Black "David, Michel"]
[Result "1-0"]
[WhiteElo "1440"]
[BlackElo "1499"]
[EventDate "2002.12.15"]
[PlyCount "85"]
[SourceDate "2002.12.15"]

1.d4 d5 2.Nf3 Bg4 3.e3 Bxf3 4.Qxf3 Nf6 5.Bd3 c5 6.dxc5 e5 7.Bb5+ Nc6 8.O-O
Bxc5 9.Qg3 O-O 10.Bxc6 bxc6 11.Qxe5 Qd6 12.Qc3 Ng4 13.g3 Qh6 14.h4 Qd6 15.
Nd2 d4 16.exd4 Bxd4 17.Qd3 Ne5 18.Qe4 Rfe8 19.c3 Nd7 20.Qxd4 Qxd4 21.cxd4 
Nf6 22.b3 Rad8 23.Bb2 Re2 24.Rad1 Ne4 25.Nxe4 Rxb2 26.Nc3 Rc2 27.Rd3 c5 
28.Rfd1 g6 29.a4 cxd4 30.Ne4 Kg7 31.Rxd4 Rb8 32.Rd7 Kh6 33.Rxa7 Re8 34.f3 
f5 35.Nf2 Ree2 36.Rf1 f4 37.gxf4 Rc3 38.b4 Rxf3 39.Kg2 Rxf4 40.b5 Rb4 41.
Kf3 Re5 42.Ng4+ Kh5 43.Rxh7# 1-0

[Event "Coupe de la Federation"]
[Site "Tournefeuille"]
[Date "2002.12.15"]
[Round "3"]
[White "Pinault, Ronan"]
[Black "Lezaud, Pascal"]
[Result "1/2-1/2"]
[WhiteElo "1550"]
[BlackElo "1350"]
[EventDate "2002.??.??"]
[PlyCount "114"]

1.Nf3 Nf6 2.c4 g6 3.d4 Bg7 4.Bf4 d6 5.Nc3 O-O 6.Qd2 Re8 7.Bh6 Bh8 8.e3 e5 
9.dxe5 Ng4 10.Bg5 Qd7 11.exd6 cxd6 12.Nd5 Nc6 13.Be2 Bg7 14.h3 Nh6 15.Nf6+
Bxf6 16.Bxf6 Qe6 17.Bc3 f6 18.Rd1 Nf7 19.O-O b6 20.Nd4 Nxd4 21.Qxd4 Kg7 
22.Bf3 Rb8 23.Bd5 Qe5 24.Bxf7 Kxf7 25.Qxd6 Qxd6 26.Rxd6 Be6 27.Rfd1 Rbc8 
28.b3 g5 29.g4 Kg6 30.R6d4 h5 31.Re4 Rc6 32.Bb4 hxg4 33.hxg4 f5 34.gxf5+ 
Kxf5 35.Red4 Rcc8 36.Kg2 Rh8 37.Rh1 Rxh1 38.Kxh1 Rh8+ 39.Kg1 a6 40.Bc3 Rh7
41.Rd6 b5 42.cxb5 axb5 43.a4 bxa4 44.bxa4 Rc7 45.Bd4 Bb3 46.a5 Bc2 47.a6 
Be4 48.Rd8 Rc1+ 49.Kh2 Rh1+ 50.Kg3 Rg1+ 51.Kh3 g4+ 52.Kh2 Rg2+ 53.Kh1 
Rxf2+ 54.Kg1 Rg2+ 55.Kf1 Ra2 56.a7 g3 57.Rf8+ Kg4 1/2-1/2

[Event "Coupe de la Federation"]
[Site "Tournefeuille"]
[Date "2002.12.15"]
[Round "1"]
[White "BERTHALON Jeremy"]
[Black "TARAVAUD Evelyne"]
[Result "0-1"]
[WhiteElo "1130"]
[BlackElo "1370"]
[PlyCount "90"]

1.e4 Nf6 2.d3 e5 3.Nc3 Nc6 4.Bg5 Be7 5.Nf3 d6 6.d4 Bg4 7.d5 Nd4 8.Be2 Nxe2
9.Qxe2 h6 10.Be3 O-O 11.h3 Bh5 12.g4 Bg6 13.Qd3 c5 14.Nd2 Nh7 15.O-O-O a6 
16.a3 b5 17.b3 Qa5 18.Ncb1 Rac8 19.f3 c4 20.bxc4 Bg5 21.cxb5 Bxe3 22.Qxe3 
Qxb5 23.c4 Nf6 24.Nc3 Qa5 25.a4 Qb4 26.Kc2 Nd7 27.Rb1 Qa5 28.Kd3 Qd8 29.
Ke2 Nc5 30.Rb4 Qc7 31.Rhb1 Rb8 32.Rxb8 Rxb8 33.Rxb8+ Qxb8 34.g5 h5 35.f4 
exf4 36.Qxf4 Nd7 37.Kd3 Ne5+ 38.Ke3 Qb2 39.Nd1 Qa3+ 40.Ke2 Qxh3 41.c5 Qg2+
42.Nf2 h4 43.cxd6 Bh5+ 44.Ke1 Nd3+ 45.Nxd3 Qe2# 0-1

[Event "Coupe de la Federation"]
[Site "Tournefeuille"]
[Date "2002.12.15"]
[Round "1"]
[White "SYLVAIN Christophe"]
[Black "LEZAUD Pascal"]
[Result "0-1"]
[WhiteElo "1530"]
[BlackElo "1350"]
[PlyCount "114"]

1.c4 e5 2.Nc3 Nf6 3.g3 c6 4.Bg2 d6 5.e3 Bg4 6.Nge2 Be7 7.h3 Bf5 8.O-O O-O 
9.d4 exd4 10.Nxd4 Bg6 11.f4 h6 12.Re1 Na6 13.g4 Nc5 14.f5 Bh7 15.b3 a5 16.
e4 Nfd7 17.Ba3 Bf6 18.Nce2 Ne5 19.Nf4 Qc7 20.Bxc5 dxc5 21.Nfe6 fxe6 22.
Nxe6 Qe7 23.Nxf8 Qxf8 24.Rb1 Rd8 25.Qc2 Rd4 26.Rbd1 Qd8 27.Kh1 Kh8 28.Kh2 
Qc7 29.Kg1 Nf7 30.Qf2 Be5 31.Rxd4 Bxd4 32.e5 Bxf2+ 33.Kxf2 Nxe5 34.Rd1 Bg8
35.Ke3 Nxg4+ 36.hxg4 Qg3+ 37.Bf3 Qh2 38.Rd2 Qe5+ 39.Be4 Bf7 40.Rd8+ Be8 
41.Rd2 Kg8 42.Rg2 Qd4+ 43.Kf4 g5+ 44.fxg6 Bxg6 45.Re2 Kg7 46.Kf3 Qc3+ 47.
Kf4 Qf6+ 48.Kg3 Bxe4 49.Rxe4 Kg6 50.Rf4 Qe5 51.Kf3 Kg5 52.Rf5+ Qxf5+ 53.
gxf5 Kxf5 54.Kg3 Ke4 55.Kg4 Kd3 56.Kh5 Kc3 57.Kxh6 Kb2 0-1

[Event "Coupe de la Federation"]
[Site "Tournefeuille"]
[Date "2002.12.15"]
[Round "2"]
[White "SYLVAIN Christophe"]
[Black "PINAULT Ronan"]
[Result "0-1"]
[WhiteElo "1530"]
[BlackElo "1550"]
[PlyCount "78"]

1.c4 c5 2.g3 g6 3.Bg2 Bg7 4.e3 e6 5.Ne2 Nc6 6.Nbc3 Nge7 7.b3 b6 8.Bb2 Bb7 
9.Rb1 Qc7 10.Ne4 Bxb2 11.Rxb2 O-O 12.N4c3 Nb4 13.O-O Bxg2 14.Kxg2 Rad8 15.
d3 Rfe8 16.a3 Nbc6 17.Rd2 d5 18.Nb5 Qb7 19.cxd5 exd5 20.d4 cxd4 21.Nexd4 
Nxd4 22.Nxd4 Rc8 23.Qe2 Rc7 24.Nb5 Rd7 25.Rc1 Nf5 26.Qf3 Re4 27.Rxd5 Qxd5 
28.Rc8+ Kg7 29.Nc3 Qb7 30.Qxe4 Qxc8 31.Nd5 Qc6 32.g4 Qxd5 33.Qxd5 Rxd5 34.
e4 Rd4 35.exf5 Rxg4+ 36.Kf3 Rd4 37.fxg6 fxg6 38.Ke3 Rd1 39.f4 Rh1 0-1

[Event "Coupe de la Federation"]
[Site "Tournefeuille"]
[Date "2002.12.15"]
[Round "1"]
[White "Camiller, Hervé"]
[Black "Xanthakis, Spyros"]
[Result "0-1"]
[WhiteElo "1680"]
[BlackElo "1499"]
[EventDate "2002.??.??"]
[PlyCount "42"]

1.e4 d5 2.exd5 Nf6 3.d4 Bg4 4.f3 Bf5 5.c4 e6 6.dxe6 Nc6 7.d5 Nb4 8.exf7+ 
Kxf7 9.Na3 Bc5 10.Bf4 Re8+ 11.Be2 Nd3+ 12.Kf1 Nxf4 13.g3 Nxe2 14.Nxe2 Bh3+
15.Ke1 Qe7 16.Nc2 Bg2 17.Rf1 Bxf1 18.Kxf1 Rad8 19.Qd3 c6 20.Re1 Qd7 21.b4 
Qh3# 0-1

[Event "Coupe de la Federation"]
[Site "Tournefeuille"]
[Date "2002.12.15"]
[Round "2"]
[White "TARAVAUD Evelyne"]
[Black "SPANOUDAKIS Serge"]
[Result "0-1"]
[WhiteElo "1370"]
[BlackElo "1440"]
[PlyCount "89"]

1.Nf3 d5 2.b3 Nf6 3.Bb2 e6 4.e3 Be7 5.Ne5 Nbd7 6.Be2 O-O 7.O-O c5 8.c4 Qc7
9.f4 Bd6 10.Ng4 Be7 11.Qe1 dxc4 12.Ne5 cxb3 13.axb3 a6 14.d3 Rd8 15.Nd2 
Nxe5 16.Bxe5 Bd6 17.Nc4 Bxe5 18.Nxe5 Nd5 19.Bf3 Bd7 20.e4 Nxf4 21.Qc3 Bb5 
22.Rfd1 f6 23.Nc4 Rd7 24.Ra2 Rad8 25.Rad2 Ng6 26.g3 Bxc4 27.Qxc4 Re7 28.
Be2 Ne5 29.Qc3 b5 30.Ra1 Qb6 31.Kg2 Nc6 32.Rf1 Rd4 33.Bd1 b4 34.Qb2 Qb5 
35.Be2 Kf7 36.Rc1 Ra7 37.Rc4 Ne5 38.Rxd4 cxd4 39.Qc2 Qb6 40.Rd1 Rc7 41.Qb2
Rc3 42.Qd2 Qc5 43.Qa2 Rc2 44.Qxc2 Qxc2 45.Re1 0-1

[Event "Coupe Fede 2003"]
[Site "?"]
[Date "2002.12.15"]
[Round "1"]
[White "Bildstein, Gerard"]
[Black "Thimonier, Victor"]
[Result "1-0"]
[WhiteElo "1620"]
[BlackElo "1199"]
[EventDate "2002.12.15"]
[PlyCount "57"]
[SourceDate "2002.12.15"]

1.d4 Nf6 2.f3 e6 3.e4 Bb4+ 4.c3 Ba5 5.Be3 d5 6.e5 Nfd7 7.Bd3 O-O 8.Ne2 b6 
9.b4 c5 10.bxa5 Nc6 11.axb6 Qxb6 12.Nd2 Ndxe5 13.dxe5 d4 14.cxd4 cxd4 15.
Nc4 Qc5 16.Bd2 Ba6 17.Rc1 Rad8 18.O-O Nxe5 19.Nxe5 Qxe5 20.Bxa6 d3 21.Ng3 
Qd4+ 22.Kh1 Qb2 23.Bc4 Rd4 24.Bc3 Qb6 25.Bxd4 Qxd4 26.Qxd3 Qxd3 27.Bxd3 g6
28.Rc7 f5 29.Rfc1 1-0

[Event "Coupe Fede 2003"]
[Site "?"]
[Date "2002.12.15"]
[Round "3"]
[White "Bildstein, Gerard"]
[Black "Gosselin, Vincent"]
[Result "1-0"]
[WhiteElo "1620"]
[BlackElo "1499"]
[EventDate "2002.12.15"]
[PlyCount "85"]
[SourceDate "2002.12.15"]

1.d4 d6 2.e4 Nc6 3.Bb5 Bd7 4.f4 e6 5.Nf3 f6 6.O-O d5 7.e5 Be7 8.Nc3 Nb4 9.
Bxd7+ Qxd7 10.a3 Nc6 11.b4 Nh6 12.Nh4 f5 13.Qh5+ Nf7 14.g3 Bxh4 15.Qxh4 
Nxd4 16.Rf2 Nc6 17.Be3 d4 18.Rd1 O-O 19.Ne2 Rad8 20.Nxd4 Qe8 21.Rfd2 Nh6 
22.Nxc6 Rxd2 23.Ne7+ Kh8 24.Rxd2 Qf7 25.Bc5 Re8 26.Rd7 b6 27.Rxc7 bxc5 28.
bxc5 Ng8 29.Nd5 Qf8 30.Nb4 Rc8 31.Rxc8 Qxc8 32.Nd3 Qa6 33.Qd8 Qxa3 34.Qd4 
Qa2 35.Qf2 Qa1+ 36.Kg2 Qa2 37.c6 Qd5+ 38.Qf3 Qc4 39.Ne1 a5 40.Kh3 Qb4 41.
c7 Qc5 42.Qb7 Qe7 43.c8=Q 1-0

[Event "Coupe Fede 2003"]
[Site "?"]
[Date "2002.12.15"]
[Round "1"]
[White "Langlois, Jerome"]
[Black "Condeminas, Christian"]
[Result "1-0"]
[WhiteElo "1620"]
[BlackElo "1690"]
[EventDate "2002.12.15"]
[PlyCount "63"]
[SourceDate "2002.12.15"]

1.d4 Nf6 2.c4 c5 3.d5 b5 4.b3 g6 5.e3 Bg7 6.Bb2 O-O 7.Nf3 d6 8.Be2 bxc4 9.
bxc4 Qb6 10.Qc1 Na6 11.O-O Rb8 12.Bc3 Bf5 13.Nbd2 Nb4 14.a3 Nd3 15.Bxd3 
Bxd3 16.Re1 Qa6 17.e4 Bh6 18.Bxf6 exf6 19.Qc3 Bxc4 20.Qxc4 Qc8 21.Rab1 Re8
22.Rxb8 Qxb8 23.Rb1 Qc8 24.Qb5 Bf4 25.g3 Bh6 26.Qc6 Qd8 27.Rb7 Bf8 28.Rxa7
Qb8 29.Rb7 Qc8 30.a4 Qa8 31.a5 Rc8 32.Qd7 1-0

[Event "Coupe Fede 2003"]
[Site "?"]
[Date "2002.12.15"]
[Round "2"]
[White "Susini, Yannick"]
[Black "Gosselin, Titouan"]
[Result "1-0"]
[WhiteElo "1199"]
[BlackElo "1099"]
[EventDate "2002.12.15"]
[PlyCount "41"]
[SourceDate "2002.12.15"]

1.e4 e5 2.Nf3 Nc6 3.Bc4 Bb4 4.a3 Bc5 5.d3 Nf6 6.O-O O-O 7.Be3 d6 8.Nc3 Ng4
9.Bg5 Ne7 10.d4 Bb6 11.h3 Nf6 12.dxe5 Nc6 13.exf6 gxf6 14.Bh6 Re8 15.Nh4 
f5 16.exf5 Qxh4 17.Qd2 Bxf5 18.Bd3 Ne7 19.Rae1 Qg5 20.Qxg5+ Kh8 21.Qg7# 
1-0

[Event "Coupe de la Federation"]
[Site "Tournefeuille"]
[Date "2002.12.15"]
[Round "3"]
[White "CHEVAUCHE Alain"]
[Black "CAMILLIERI Herve"]
[Result "1/2-1/2"]
[WhiteElo "1700"]
[BlackElo "1680"]
[PlyCount "109"]

1.c4 e5 2.Nc3 Nf6 3.e3 d5 4.cxd5 Nxd5 5.Nge2 Nc6 6.g3 Bg4 7.Bg2 Ndb4 8.O-O
Nd3 9.Qa4 Qd7 10.a3 Bc5 11.f4 Rd8 12.fxe5 O-O 13.Kh1 Bxe2 14.Nxe2 Bb6 15.
Bxc6 bxc6 16.Nf4 Nxe5 17.d4 Ng4 18.d5 cxd5 19.Qxd7 Rxd7 20.Re1 Re8 21.Ng2 
Rde7 22.h3 Nxe3 23.Nxe3 Bxe3 24.Bxe3 Rxe3 25.Rxe3 Rxe3 26.Rc1 Re7 27.Kg2 
f6 28.Kf3 Kf7 29.b4 Rd7 30.b5 Ke7 31.Rc6 d4 32.Ke2 Kd8 33.Kd3 Rd5 34.a4 
Kc8 35.Ra6 Kb7 36.Rc6 h5 37.Rc4 Rg5 38.g4 hxg4 39.hxg4 Rxg4 40.Rc5 g5 41.
a5 Rf4 42.Rc1 g4 43.Rg1 a6 44.Rb1 axb5 45.Rxb5+ Ka6 46.Rc5 g3 47.Rxc7 Rg4 
48.Rc1 g2 49.Rg1 f5 50.Kc4 f4 51.Kxd4 Kxa5 52.Ke4 Kb4 53.Kf3 Rg8 54.Rxg2 
Rxg2 55.Kxg2 1/2-1/2

[Event "Coupe Fede 2003"]
[Site "?"]
[Date "2002.12.15"]
[Round "2"]
[White "Gosselin, Vincent"]
[Black "Thimonier, Victor"]
[Result "1-0"]
[WhiteElo "1499"]
[BlackElo "1199"]
[EventDate "2002.12.15"]
[PlyCount "64"]
[SourceDate "2002.12.15"]

1.e4 Nf6 2.Nc3 e6 3.d4 d5 4.e5 Ng4 5.Qxg4 f5 6.Qh5+ g6 7.Qe2 c5 8.Nf3 Nc6 
9.Be3 Nb4 10.dxc5 Nc6 11.a3 b6 12.b4 d4 13.Bxd4 Nxd4 14.Nxd4 Qxd4 15.Qd2 
Qxe5+ 16.Be2 Bg7 17.O-O bxc5 18.Bb5+ Kf7 19.Rae1 Qxc3 20.Qd1 Qxa3 21.bxc5 
Qxc5 22.Qe2 Bc3 23.Rd1 a6 24.Bd7 Bxd7 25.Rxd7+ Kf6 26.Rfd1 Qb5 27.Qe3 Rab8
28.Qxc3+ Kg5 29.Qg3+ Kf6 30.Qh4+ g5 31.Qh6+ Ke5 32.Qg7+ Ke4 1-0

[Event "Coupe Fede 2003"]
[Site "?"]
[Date "2002.12.15"]
[Round "3"]
[White "Thimonier, Victor"]
[Black "Dintrans, Francois"]
[Result "0-1"]
[WhiteElo "1199"]
[BlackElo "1499"]
[EventDate "2002.12.15"]
[PlyCount "44"]
[SourceDate "2002.12.15"]

1.d4 d6 2.Nf3 Nf6 3.c4 c5 4.Bf4 e5 5.dxe5 dxe5 6.Qxd8+ Kxd8 7.Nxe5 Ke8 8.
Nc3 Nc6 9.e4 Bd6 10.Nd3 Bxf4 11.Nxf4 Nd4 12.Bd3 b6 13.O-O Bb7 14.Rae1 Rd8 
15.e5 Nf3+ 16.gxf3 Rd4 17.exf6+ Kd7 18.fxg7 Rg8 19.Nce2 Rxg7+ 20.Ng2 Rxd3 
21.Nf4 Bxf3 22.Nxd3 Rxg2+ 0-1

[Event "Coupe Fede 2003"]
[Site "?"]
[Date "2002.12.15"]
[Round "2"]
[White "Baumgartner, Georges"]
[Black "Cordier, Michel"]
[Result "1-0"]
[WhiteElo "1670"]
[BlackElo "1360"]
[EventDate "2002.12.15"]
[PlyCount "81"]
[SourceDate "2002.12.15"]

1.e4 b6 2.d4 Bb7 3.d5 c6 4.c4 Ba6 5.Bd3 cxd5 6.exd5 Bc8 7.Nf3 d6 8.h3 Nf6 
9.Nc3 g6 10.O-O Bg7 11.Re1 O-O 12.Bg5 Re8 13.Qd2 Nbd7 14.b4 a5 15.a3 Nf8 
16.Bc2 Bd7 17.b5 e6 18.Ne4 e5 19.Nxd6 Re7 20.Ne4 Re8 21.Re2 Bf5 22.Rae1 
Bxe4 23.Bxe4 Qd6 24.a4 N6d7 25.Bc2 Nc5 26.Bh6 f6 27.Bxg7 Kxg7 28.Nh2 Ra7 
29.Ng4 Rae7 30.Qh6+ Kg8 31.Qh4 Rf7 32.Nh6+ Kg7 33.Nxf7 Kxf7 34.f4 e4 35.
Bxe4 f5 36.Bc2 Rxe2 37.Rxe2 Kg8 38.Re7 h5 39.Qg5 Nh7 40.Re8+ Kg7 41.Qe7+ 
1-0

[Event "Coupe de la Federation"]
[Site "Tournefeuille"]
[Date "2002.12.15"]
[Round "1"]
[White "DAMIANO Herve"]
[Black "SPANOUDAKIS Serge"]
[Result "1-0"]
[WhiteElo "1410"]
[BlackElo "1440"]
[PlyCount "57"]

1.d4 d5 2.c4 c6 3.Nf3 Nf6 4.Nc3 e6 5.Qb3 Be7 6.h3 Nbd7 7.Bf4 dxc4 8.Qxc4 
Nb6 9.Qb3 Nbd5 10.Bd2 Qb6 11.Qc2 Bd7 12.a3 Rc8 13.Na4 Qc7 14.b4 Bd6 15.e4 
Nxe4 16.Qxe4 Nf6 17.Qc2 O-O 18.Bd3 h6 19.Nc3 Rfe8 20.O-O Rcd8 21.Rfe1 Bc8 
22.Ne4 Be7 23.Nxf6+ Bxf6 24.Re4 e5 25.dxe5 Rxd3 26.Qxd3 Bf5 27.exf6 Rxe4 
28.Ne1 Rh4 29.Qg3 1-0